000 00596cam a2200193 4500500
005 20260405003031.0
041 _afre
042 _adc
100 1 0 _aPortevin, Catherine
_eauthor
245 0 0 _aPenser la justice. Entretiens avec Astrid von Busekist
260 _c2020.
500 _a80
690 _aCommun
690 _aJustice
690 _aMichael Walzer
690 _aRedistribution
786 0 _nPhilosophie magazine | 137 | 3 | 2020-03-01 | p. 59-59 | 1951-1787
856 4 1 _uhttps://shs.cairn.info/magazine-philosophie-magazine-2020-3-page-59?lang=fr&redirect-ssocas=7080
999 _c2063755
_d2063755